Normal view
MARC view
Entry Personal Name
001 - CONTROL NUMBER
- control field: 254550
003 - CONTROL NUMBER IDENTIFIER
- control field: OSt
005 - DATE AND TIME OF LATEST TRANSACTION
- control field: 20260212152136.0
008 - FIXED-LENGTH DATA ELEMENTS
- fixed length control field: 260212|| aca||aabn | a|a d
040 ## - CATALOGING SOURCE
- Original cataloging agency: OSt
- Transcribing agency: OSt
100 ## - HEADING--PERSONAL NAME
- Personal name: SURENDRANATH (S)
- Dates associated with a name: ಸುರೇಂದ್ರನಾಥ್ (ಎಸ್)
670 ## - SOURCE DATA FOUND
- Source citation: Work cat.: (OSt)142185: SURENDRANATH (S) ಸುರೇಂದ್ರನಾಥ್ (ಎಸ್) , Na tukaram alla, 2009